000 00662nam a2200229 i 4500
001 bg
100 1 _aMERSKI, Janusz
245 1 0 _aTurystyka kwalifikowana /
_cJanusz Merski.
260 _aWarszawa :
_bWyższa Szkoła Ekonomiczna,
_c2002.
300 _a279 s. :
_bil. (w tym kolor.) ;
_c24 cm.
504 _aBibliogr.
650 9 _aTurystyka
655 _aPodręczniki akademickie
020 _a8386990287
040 _cBPK
041 0 _apol
080 _a379.85:338.48](075.8)
920 _a83-86990-28-7
942 _cKS
008 s pl f |000 0 pol
999 _c44681
_d44681
856 _uhttp://koha.tu.koszalin.pl/cgi-bin/koha/opac-detail.pl?biblionumber=44681
_yKatalog online BPK